20 Largest College Football Stadiums - Statistics

General Stats
  • This quiz has been taken 44 times
  • The average score is 9 of 20
Answer Stats
Capacity Stadium % Correct
107,601 Michigan Stadium
97%
102,780 Ohio Stadium
89%
106,572 Beaver Stadium
65%
100,077 Bryant-Denny Stadium
62%
101,915 Neyland Stadium
62%
89,702 Rose Bowl
59%
102,733 Kyle Field
57%
102,321 Tiger Stadium
57%
93,033 Sanford Stadium
54%
85,458 Memorial Stadium
49%
88,548 Ben Hill Griffin Stadium
35%
100,119 Darrell K Royal Texas Memorial Stadium
35%
88,043 Jordan-Hare Stadium
35%
75,007 Spartan Stadium
24%
80,321 Camp Randall Stadium
22%
70,083 Husky Stadium
22%
82,300 Doak Campbell Stadium
19%
80,250 Williams-Brice Stadium
19%
92,100 Cotton Bowl
16%
82,112 Gaylord family Oklahoma Memorial Stadium
5%
No matching quizzes found
Score Distribution
Percent of People with Each Score
Percentile by Number Answered
Your Score History
You have not taken this quiz